International trade and climatic change policies

Bibliographic Details
Main Author: Brack
Corporate Author: The Royal Institute of International Affairs
Other Authors: GRUBB, Windram
Format: Book
Published: London : Earthscan Pub. , 2000
Subjects:

MARC

LEADER 00000cam a2200000 7i4500
001 0000000570
005 20000908.0
020 0 0 |a 1853836206 
090 0 0 |a 551.6   |b BRA 2000 
100 1 0 |a Brack   |h Duncan 
245 1 0 |a International trade and climatic change policies   |c Duncan Brack with Michael Grubb and Craig Windram 
260 0 0 |a London :   |b Earthscan Pub. ,   |c 2000 
300 |a xix, 140 p. ;   |c 21 cm. 
650 0 0 |a Climatic changes   |x Environmental aspects 
700 0 1 |a GRUBB   |h Michael 
700 0 1 |a Windram   |h Craig 
710 1 1 |a The Royal Institute of International Affairs 
999 |a 0000001661   |b Monograph   |c Open Shelf   |e Default branch